LEADER 01853nas 2200565- 450 001 996215149103316 005 20240129213017.0 035 $a(OCoLC)243601352 035 $a(CKB)1000000000378303 035 $a(CONSER)--2024242015 035 $a(EXLCZ)991000000000378303 100 $a20080812b20052021 --- - 101 0 $aeng 135 $aur||||||||||| 181 $ctxt$2rdacontent 182 $cc$2rdamedia 183 $acr$2rdacarrier 200 00$aLibya defence & security report 210 1$aLondon, UK :$cFitch Solutions,$d-[2021] 215 $a1 online resource 311 $a1749-1517 517 1 $aLibya defence and security report 531 $aLIBYA DEFENCE AND SECURITY REPORT 606 $aDefense industries$zLibya$vPeriodicals 606 $aDefense industries$zLibya$xForecasting$vPeriodicals 606 $aNational security$zLibya$vPeriodicals 606 $aNational security$zLibya$xForecasting$vPeriodicals 606 $aMarket surveys$zLibya$vPeriodicals 606 $aIndustrie militaire$vPériodiques 606 $aDefense industries$2fast 606 $aNational security$2fast 607 $aLibya$2fast$1https://id.oclc.org/worldcat/entity/E39QbtfRFgDcxjjgjt9WFqyvxc 608 $aperiodicals.$2aat 608 $aPeriodicals$2fast 608 $aPériodiques.$2rvmgf 608 $aSerial publications.$2lcgft 615 0$aDefense industries 615 0$aDefense industries$xForecasting 615 0$aNational security 615 0$aNational security$xForecasting 615 0$aMarket surveys 615 6$aIndustrie militaire 615 7$aDefense industries 615 7$aNational security 676 $a320 712 02$aFitch Solutions Group Ltd, 906 $aJOURNAL 912 $a996215149103316 996 $aLibya Defence & Security Report$92335178 997 $aUNISA LEADER 03623oam 2200817 c 450 001 9910477307103321 005 20260302090207.0 010 $a9783763965816 010 $a3763965815 024 8 $ahttps://doi.org/10.3278/85/0022aw 035 $a(CKB)5470000000557191 035 $a(ScCtBLL)96c6b3ea-d511-4535-8a5e-a3d1ed2c1796 035 $a(wbv Publikation)9783763965816 035 $a(oapen)doab64548 035 $a(EXLCZ)995470000000557191 100 $a20260302d2019 uy 0 101 0 $ager 135 $auru|||||||||| 181 $ctxt$2rdacontent 182 $cc$2rdamedia 183 $acr$2rdacarrier 200 00$aVolkshochschul-Statistik $e57. Folge, Berichtsjahr 2018 /$fDeutsches Institut für Erwach- senenbildung, Elisabeth Reichart, Hella Huntemann, Thomas Lux 205 $a1st ed. 210 $aBielefeld$cwbv Publikation$d2019 215 $a1 online resource (145 p.) 225 0 $aDIE Survey. Daten und Berichte zur Weiterbildung 327 $aVorbemerkungen 1 Revision der Statistik 2 Eckdaten des Berichtsjahrs 2018 3 Erläuterungen 3.1 Struktur 3.2 Leistungen 4 Methodische Erläuterungen 5 Tabellen 6 Literaturverzeichnis 7 Abbildungs- und Tabellenverzeichnis Anhang Autorinnen und Autor 330 $aDie jährlich erscheinende Studie ist Grundlage für Vergleiche und Langzeitbetrachtungen der wichtigsten Rahmenbedingungen und strukturellen Entwicklungen an Volkshochschulen. Dazu gehören: Finanzierung, Personal, Kooperationen, Programmbereiche und Fachgebiete, Veranstaltungen, Teilnehmende und Beteiligung. Anhand der erhobenen Daten lassen sich Angebotsverläufe, Teilnahmequoten und Strukturveränderungen beobachten. Seit 1970 erhebt das Deutsche Institut für Erwachsenenbildung jährlich die Daten für diese repräsentative Statistik. Erfasst werden die Angaben von über 900 Volkshochschulen - das sind fast 100 Prozent der Bildungseinrichtungen. Die Ausgabe zum Berichtsjahr 2018 wird ausschließlich digital publiziert und steht kostenfrei bei wbv-open-access.de zur Verfügung. 410 $aDIE Survey. Daten und Berichte zur Weiterbildung 606 $aBildungsbericht 606 $aBildungsberichterstattung 606 $aBildungsfinanzierung 606 $aBildungspersonal 606 $aDeutscher Volkshochschul-Verband (DVV) 606 $aFinanzierung 606 $aGrundsicherung 606 $aProfessionalisierung 606 $aStatistik 606 $aTeilnehmerstruktur 606 $aVolkshochschule 606 $aWeiterbildungsteilnehmer 606 $aallgemeine Erwachsenenbildung 606 $aregionale Faktoren 606 $aBildungsangebot 606 $aErwachsenenbildungsangebote 615 4$aBildungsbericht 615 4$aBildungsberichterstattung 615 4$aBildungsfinanzierung 615 4$aBildungspersonal 615 4$aDeutscher Volkshochschul-Verband (DVV) 615 4$aFinanzierung 615 4$aGrundsicherung 615 4$aProfessionalisierung 615 4$aStatistik 615 4$aTeilnehmerstruktur 615 4$aVolkshochschule 615 4$aWeiterbildungsteilnehmer 615 4$aallgemeine Erwachsenenbildung 615 4$aregionale Faktoren 615 4$aBildungsangebot 615 4$aErwachsenenbildungsangebote 702 $aReichart$b Elisabeth$4aut 702 $aHuntemann$b Hella$4aut 702 $aLux$b Thomas$4aut 712 02$aDeutsches Institut für Erwach- senenbildung$4edt 801 0$bScCtBLL 801 1$bScCtBLL 906 $aBOOK 912 $a9910477307103321 996 $aVolkshochschul-Statistik$92784855 997 $aUNINA